[Event "Girona-ch Seniors"]
[Site "Girona"]
[Date "2014.03.04"]
[Round "4.11"]
[White "Lara Perez, Antoni"]
[Black "Estelle Estrada, Joan"]
[Result "0-1"]
[WhiteElo "1744"]
[BlackElo "1722"]
[PlyCount "62"]
[EventDate "2014.02.11"]
[EventType "swiss"]
[EventRounds "6"]
[EventCountry "ESP"]
[SourceTitle "EXT 2024"]
[Source "ChessBase"]
[SourceDate "2023.10.10"]
[SourceVersion "1"]
[SourceVersionDate "2023.10.10"]
[SourceQuality "1"]

1. Nf3 Nc6 2. c4 e5 3. Nc3 Nge7 4. e4 g6 5. Be2 Bg7 6. a3 Nd4 7. Bd3 c5 8. Nd5 d6 9. h3 Bd7 10. 0-0 0-0 11. Nxd4 exd4 12. Be2 Nxd5 13. cxd5 f5 14. d3 f4 15. f3 Qh4 16. Qe1 Qg5 17. Qf2 Bxh3 18. Kh2 Bd7 19. Rh1 Be5 20. Kg1 Qg3 21. Bf1 Kg7 22. Qxg3 fxg3 23. Bh6+ Kh8 24. Bxf8 Rxf8 25. Rb1 Bb5 26. b4 Bf4 27. Rh3 Bd7 28. Rh4 g5 29. Rh6 Kg7 30. Re6 Bxe6 31. dxe6 h5 0-1